000 01221nam a22003850a 4500
001 PT26714
003 AR-LpoUNG
005 20210131233311.0
008 191001s1999||||ag |||||||||||||||||spa d
020 _a9875031844
_c$10,3
040 _aAR-LpoUNG
_bspa
_cAR-LpoUNG
_eaacr
041 _aspa
044 _aag
082 0 _a982.065 634igl
100 1 _aMignone, Emilio Fermín
245 1 0 _aIglesia y Dictadura :
_bel papel de la iglesia a la luz de sus relaciones con el régimen militar
260 _aBuenos Aires :
_bUniversidad Nacional de Quilmes - Página 12,
_c1999.
300 _a221 p. :
_bgráfs., tbls.
520 _aTestimonio de un abogado, militante de los derechos humanos y ferviente católico sobre la relación entre las fuerzas armadas y la Iglesia en los años de la represión en la Argentina.
650 4 _aARGENTINA
650 4 _aCLERO
650 4 _aDICTADURA
650 4 _aESTADO
650 4 _aFUERZAS ARMADAS
650 4 _aGOBIERNO MILITAR
650 4 _aIDEOLOGIAS
650 4 _aIGLESIA
650 4 _aPARTICIPACION SOCIAL
650 4 _aPARTIDOS POLITICOS
650 4 _aPOLITICA
650 4 _aREVOLUCION
651 4 _aArgentina
905 _a26714
942 _cLIB
999 _c19970
_d19970